000 01158 a2200253 4500
001 52903
005 20260407155803.0
008 260407a2005 arg spa d
003 AR-UNSa-BCEJYS
040 _aAR-UNSa-BCEJYS
_bspa
_cAR-UNSa-BCEJYS
080 _a339.7
_xFinanzas Internacionales
245 1 0 _aFinanzas globales en riesgo
_pun análisis a favor de la regulación internacional
020 _a987-1220-54-5
264 1 _aBuenos Aires :
_bSiglo XXI Editores Argentina
_c2005
300 _a270 p.
_c21 cm.
505 _a1. La privatización del riesgo - 2. Los mercados de capital liberalizados y el funcionamiento económico global - 3. Tasas de cambio y controles de capital - 4. Los países desarrollados y el nuevo orden financiero - 5. Los países en desarrollo y el nuevo orden financiero - 6. Regulación a escala global - 7. Una autoridad financiera mundial
041 _aspa
942 _cBK
590 _aniveau_biblio:m niveau_hierar:0
100 1 _aEatwell, John
700 1 _aTaylor, Lance
700 1 _aArijón, Teresa
856 4 1 _uhttps://www.biblioeco.unsa.edu.ar/pmb/images/libros/L128336.jpg
_yImagen de portada
_qimage/jpeg
999 _c5023
_d5023